Forensic archaeology : the application of comparative excavation methods and recording systems /
This text evaluates current archaeological excavation methods and recording systems in relation to their use in providing forensic evidence, and their ability to satisfy the admissibility tests introduced by the Law Commission, and other internationally recognised bodies.
المؤلف الرئيسي:
التنسيق: كتاب الكتروني
اللغة: English
منشور في:
Oxford :
Archaeopress Publishing Ltd,
[2016]
سلاسل:
Archaeopress archaeology.
الموضوعات:
الوصول للمادة أونلاين: Login to view Source
الوسوم: إضافة وسم
رقم الطلب: CC79.F67
| LEADER | 01798nam a2200409 i 4500 | ||
|---|---|---|---|
| 001 | EDZ0001647914 | ||
| 003 | StDuBDS | ||
| 005 | 20230412181844.0 | ||
| 006 | m|||||o||d|||||||| | ||
| 007 | cr ||||||||||| | ||
| 008 | 170214t20162016enka fob 000|0|eng|d | ||
| 020 | |a 9781784914851 (ebook) : |c No price | ||
| 040 | |a StDuBDS |b eng |c StDuBDS |e rda |e pn | ||
| 050 | 4 | |a CC79.F67 | |
| 082 | 0 | 4 | |a 930.1 |2 23 |
| 100 | 1 | |a Evis, Laura, |e author. | |
| 245 | 1 | 0 | |a Forensic archaeology : |b the application of comparative excavation methods and recording systems / |c Laura Evis. |
| 264 | 1 | |a Oxford : |b Archaeopress Publishing Ltd, |c [2016] | |
| 264 | 4 | |c ©2016 | |
| 300 | |a 1 online resource : |b illustrations (black and white). | ||
| 336 | |a text |2 rdacontent | ||
| 336 | |a still image |2 rdacontent | ||
| 337 | |a computer |2 rdamedia | ||
| 338 | |a online resource |2 rdacarrier | ||
| 490 | 1 | |a Archaeopress archaeology | |
| 500 | |a Previously issued in print: 2016. | ||
| 504 | |a Includes bibliographical references. | ||
| 520 | 8 | |a This text evaluates current archaeological excavation methods and recording systems in relation to their use in providing forensic evidence, and their ability to satisfy the admissibility tests introduced by the Law Commission, and other internationally recognised bodies. | |
| 521 | |a Specialized. | ||
| 588 | |a Description based on online resource; title from home page (viewed on March 6, 2017). | ||
| 650 | 0 | |a Forensic archaeology. | |
| 776 | 0 | 8 | |i Print version : |z 9781784914844 |
| 830 | 0 | |a Archaeopress archaeology. | |
| 856 | 4 | 0 | |3 Archaeopress |u http://library.arce.org:8087/Archaeopress/Products/9781784914844 |
| 942 | |2 lcc |c EBOOK | ||
| 952 | |0 0 |1 0 |4 0 |6 CC0079 F67 |7 1 |9 46218 |a ARCH |b ARCH |d 2023-04-12 |l 0 |o CC79.F67 |r 2023-04-12 00:00:00 |w 2023-04-12 |y EBOOK | ||
| 999 | |c 51876 |d 51876 | ||
